[Event "Zlota Wieza op 49th"]
[Site "Gniezno"]
[Date "2007.05.25"]
[Round "8"]
[White "Lis, Marcelina"]
[Black "Rusiniak, Beata"]
[Result "1-0"]
[WhiteElo "1776"]
[BlackElo "1000"]
[PlyCount "41"]
[EventDate "2007.05.20"]
[EventType "swiss"]
[EventRounds "9"]
[EventCountry "POL"]
[SourceTitle "EXT 2011"]
[Source "ChessBase"]
[SourceDate "2010.11.26"]
[SourceVersion "1"]
[SourceVersionDate "2010.11.26"]
[SourceQuality "1"]

1. e4 g6 2. d4 Bg7 3. Nc3 Nf6 4. Bg5 d5 5. Bxf6 exf6 6. exd5 0-0 7. Nf3 Nd7 8. Bc4 Nb6 9. Bb3 Re8+ 10. Kf1 f5 11. h4 Bd7 12. Qd2 Nc8 13. Re1 Nd6 14. Ne5 b6 15. h5 gxh5 16. Rxh5 Re7 17. Re3 Qe8 18. Rg3 a5 19. Rxg7+ Kxg7 20. Qh6+ Kg8 21. Qxh7+ 1-0